Science Quiz

Random Science or State Quiz

National Lab States Quiz Stats

 Plays Quiz Updated Mar 9, 2020

Support Sporcle.
Go Orange.
Score 0/17 Timer 03:00
1 Play Today
National Lab State % Correct
Idaho National LaboratoryIdaho
94.6%
Pacific Northwest National LaboratoryWashington
88%
Los Alamos National LaboratoryNew Mexico
87.9%
Lawrence Berkeley National LaboratoryCalifornia
82.7%
Princeton Plasma Physics LaboratoryNew Jersey
80.8%
Thomas Jefferson National Accelerator FacilityVirginia
66.3%
SLAC National Accelerator LaboratoryCalifornia
57%
Ames LaboratoryIowa
55.9%
Savannah River National LaboratorySouth Carolina
48.1%
National Lab State % Correct
Brookhaven National LaboratoryNew York
46.2%
Oak Ridge National LaboratoryTennessee
44.8%
Lawrence Livermore National LaboratoryCalifornia
42.1%
Sandia National Laboratories*New Mexico, California
36.6%
Fermi National Accelerator LaboratoryIllinois
34%
National Energy Technology Laboratory*Pennsylvania, West Virginia, Texas, Oregon, Alaska
29.7%
Argonne National LaboratoryIllinois
26.2%
National Renewable Energy LaboratoryColorado
16%

You're not logged in!

Compare scores with friends on all Sporcle quizzes.
OR
Log In

From the Vault

Scientists by Haiku

by Spacemaniac

Laws of motion, and DNA, Double Helix, Scientists, Oh My!
Remove Ads.
Support Sporcle.
Get the best of Sporcle when you Go Orange. This ad-free experience offers more features, more stats, and more fun while also helping to support Sporcle. Thank you for becoming a member.

Show Comments

Extras

Top Quizzes Today


Score Distribution

Your Account Isn't Verified!

In order to create a playlist on Sporcle, you need to verify the email address you used during registration. Go to your Sporcle Settings to finish the process.

Report this User

Report this user for behavior that violates our Community Guidelines.

Details: